| 000 | 01617nam a2200361 c 4500 | ||
|---|---|---|---|
| 999 |
_c77858 _d77858 |
||
| 003 | BLK | ||
| 005 | 20220316125119.0 | ||
| 008 | 180408b bul|||||r ||||||| ||bul|| | ||
| 010 | _aKNG00082321000 | ||
| 020 | _a954-26-0529-3 | ||
| 040 | _aBLK | ||
| 041 |
_aBUL _cBUL |
||
| 080 |
_aРуска литература _b821.161.1 _x-93-1 _z821.161.1-93-1 |
||
| 100 | 1 |
_aУласевич, Олга _eпърви автор _9132816 |
|
| 139 |
_aУласевич, Олга Николаевна _bУ 51 |
||
| 245 | 1 | 0 |
_aМоят ден _cОлга Уласевич; худож. Сергей Хушану; прев. и адапт. Венера Иванова Атанасова. |
| 257 | _aRUS | ||
| 260 |
_bХермес _c2007 _fотпеч. в Китай |
||
| 300 |
_a12 с. _bс цв. ил. _c20 см |
||
| 380 | _aDX | ||
| 490 |
_aОткрий тайната! _9203798 |
||
| 500 | _aКор. опис. - Ориг. загл. Мой день. - Авт. отбелязан в библиогр. каре. - Офс. изд. - Кн. е отпеч. на ламиниран картон. | ||
| 653 | _aстихотворения за деца | ||
| 653 | _aлитература за деца | ||
| 653 | _aдетска литература | ||
| 700 | 1 |
_aХушану, Сергей _eхудож. _9138721 |
|
| 700 | 1 |
_aАтанасова, Венера Иванова _eпрев. и адапт. _9363320 |
|
| 852 | _aЦб 238986 | ||
| 856 | 4 | _qpdf | |
| 856 | 4 | _qpdf | |
| 942 |
_cKNG _n0 _029 _s1 |
||
| 944 |
_aCR _c14.03.2008 _lф / _kВиолета_Тройчева |
||
| 944 |
_aED _c24.11.2014 _lф / _kЛюдмила_Стоянова |
||
| 999 | _d77858 | ||